000 00272nam a2200121Ia 4500
008 190216s9999||||xx |||||||||||||| ||und||
100 _aNayar M G
245 0 _aBefore The Footlights
260 _bMacmillan
_c1982
300 _a79
650 _aEnglish Prose
942 _cBK
999 _c13233
_d13233